|
|
|
|
| LEADER |
01599nam a2200289 a 4500 |
| 001 |
18162 |
| 003 |
BD-DhAAL |
| 008 |
091205r20012000enka b 001 0 eng d |
| 010 |
|
|
|a 99011969
|
| 020 |
|
|
|a 0521631203
|
| 020 |
|
|
|a 9780521018371
|
| 040 |
|
|
|a DLC
|c DLC
|d DLC
|d BD-DhAAL
|
| 082 |
0 |
0 |
|a 333.794
|2 21
|
| 100 |
1 |
|
|a Cassedy, Edward S.
|9 57606
|
| 245 |
1 |
0 |
|a Prospects for sustainable energy :
|b a critical assessment /
|c Edward S. Cassedy.
|
| 260 |
|
|
|a Cambridge ;
|a New York :
|b Cambridge University Press,
|c 2000 [reprinted 2001].
|
| 300 |
|
|
|a ix, 284 p. :
|b ill. ;
|c 25 cm.
|
| 504 |
|
|
|a Includes bibliographical references and index.
|
| 526 |
|
|
|a MNS
|x Mahabobe Shobahani
Faculty Member of BRAC University
Course Name : Renewable Energy Technology (APE 407)
|
| 541 |
1 |
|
|e 18162, 18163
|a D. S. Books International
|
| 650 |
|
0 |
|a Renewable energy sources.
|
| 650 |
|
0 |
|a Energy policy.
|
| 852 |
4 |
|
|a Ayesha Abed Library
|c General Stacks
|
| 942 |
|
|
|2 ddc
|c BK
|
| 999 |
|
|
|c 5987
|d 5987
|
| 952 |
|
|
|0 0
|1 0
|2 ddc
|4 0
|6 333_794000000000000_CAS_2001
|7 0
|9 5972
|a BRACUL
|b BRACUL
|c GEN
|d 2009-12-07
|e D. S. Books International
|g 6541.00
|l 1
|m 8
|o 333.794 CAS
|p 3010018162
|r 2022-08-23
|s 2022-06-28
|t 1
|w 2009-12-07
|y BK
|x Requisitioned by Mahabobe Shobahani for the course named- "Renewable Energy Technology (APE 407)" ; USD 59.47
|
| 952 |
|
|
|0 0
|1 0
|2 ddc
|4 0
|6 333_794000000000000_CAS_2001
|7 0
|9 6025
|a BRACUL
|b BRACUL
|c GEN
|d 2009-12-07
|e D. S. Books International
|g 6541.00
|l 0
|o 333.794 CAS
|p 3010018163
|r 2009-12-07
|t 1
|w 2009-12-07
|y BK
|x Requisitioned by Mahabobe Shobahani for the course named- "Renewable Energy Technology (APE 407)" ; USD 59.47
|